|
|
|
|
| LEADER |
00000cam a2200000 a 4500 |
| 001 |
1/121078 |
| 008 |
200311s1956####gr | ||| |||| ||gre|| |
| 040 |
|
|
|a GR-MyUa
|b gre
|c GR-MyUa
|e AACR2
|
| 041 |
0 |
|
|a gre
|
| 082 |
7 |
|
|a 335.422
|2 (23)
|
| 100 |
1 |
|
|a Μπλέτας, Αναστάσιος.
|
| 245 |
1 |
0 |
|a Pax Sovietica =
|b Σοβιετική ειρήνη : ο κίνδυνος της ελευθερίας /
|c Αναστ. Μπλέτα.
|
| 246 |
1 |
|
|i [Παράλληλος τίτλος]:
|a Σοβιετική ειρήνη
|
| 260 |
|
|
|a Αθήναι :
|b [χ.ό.],
|c 1956.
|
| 300 |
|
|
|a 131 σ. ;
|c 22 εκ.
|
| 504 |
|
|
|a Βιβλιογραφία: σ. 15-18.
|
| 650 |
|
0 |
|a Communism.
|
| 650 |
|
0 |
|a Communism and society.
|
| 650 |
|
0 |
|a Communism
|z Soviet Union
|x History.
|
| 650 |
|
0 |
|a Communism
|z Europe
|x History.
|
| 651 |
|
0 |
|a Soviet Union
|x History
|y 20th century.
|
| 700 |
1 |
|
|a Σπανίδης, Αθανάσιος Γ.
|d 1906-
|e aui
|
| 852 |
|
|
|a INST
|b RHODES
|c AKA
|e 20200311
|h 335.422 ΜΠΛ
|p 005400041459
|q 005400041459
|t BK
|y 0
|
| 920 |
|
|
|a Ακαδημία Ρόδου
|y Ρόδος
|z 2004-06
|
| 970 |
|
|
|a Μαρία
|b Κωτάκου
|z 11-03-2020
|